Normal view MARC view
  • Educación de adultos

Entry Materia

Number of records used in: 1

001 - NÚMERO DE CONTROL DEL REGISTRO

  • campo de control: 52513

003 - IDENTIFICADOR DE NUMERO DE CONTROL

  • campo de control: MX-MxUPN

005 - FECHA Y HORA DE LA ÚLTIMA TRANSACCIÓN

  • campo de control: 20240621173652.0

008 - DATOS DE LONGITUD FIJA

  • campo de control de longitud fija: 240621dn fnnnnbabd n ana d

040 ## - FUENTE DE LA CATALOGACIÓN

  • Centro catalogador de origen: MX-MxUPN
  • Lengua de catalogación: spa

150 ## - ENCABEZAMIENTO - TEMÁTICO

  • Término de materia o nombre geográfico como elemento inicial: Educación de adultos
  • Subdivisión geográfica: Tailandia

670 ## - FUENTE EN LA QUE SE LOCALIZARON DATOS

  • Cita de la fuente: Autoridades BGTQ, 21 junio 2024 :
  • Información localizada: (Educación de adultos -- Tailandia)

902 ## - CATALOGADOR

  • Catalogador: VíctorGodínez/210624